<?xml version="1.0" encoding="UTF-8"?>
<record
    xmlns:xsi="http://www.w3.org/2001/XMLSchema-instance"
    xsi:schemaLocation="http://www.loc.gov/MARC21/slim http://www.loc.gov/standards/marcxml/schema/MARC21slim.xsd"
    xmlns="http://www.loc.gov/MARC21/slim">

  <leader>01361nam2a22002771  4500</leader>
  <controlfield tag="001">rc\4076533</controlfield>
  <controlfield tag="005">20250611081955.0</controlfield>
  <datafield tag="021" ind1=" " ind2=" ">
    <subfield code="a">RU</subfield>
    <subfield code="b">[56-56868]</subfield>
  </datafield>
  <datafield tag="035" ind1=" " ind2=" ">
    <subfield code="a">(NLR Aleph) 008123188</subfield>
  </datafield>
  <datafield tag="090" ind1=" " ind2=" ">
    <subfield code="a">9376583</subfield>
    <subfield code="c">9376583</subfield>
  </datafield>
  <datafield tag="100" ind1=" " ind2=" ">
    <subfield code="a">20130415d1956    |||y0rusy50      ca</subfield>
  </datafield>
  <datafield tag="101" ind1="0" ind2=" ">
    <subfield code="a">rus</subfield>
  </datafield>
  <datafield tag="102" ind1=" " ind2=" ">
    <subfield code="a">RU</subfield>
  </datafield>
  <datafield tag="105" ind1=" " ind2=" ">
    <subfield code="a">a   z   |||||</subfield>
  </datafield>
  <datafield tag="200" ind1="0" ind2=" ">
    <subfield code="a">&#x427;. 2</subfield>
    <subfield code="f">(&#x421; &#x43F;&#x440;&#x438;&#x43B;. &#x441;&#x442;&#x430;&#x442;&#x435;&#x439; &#x41D;.&#x411;. &#x412;&#x430;&#x441;&#x441;&#x43E;&#x435;&#x432;&#x438;&#x447;&#x430; &#x438; &#x41A;.&#x412;. &#x411;&#x430;&#x431;&#x43A;&#x43E;&#x432;&#x430;)</subfield>
  </datafield>
  <datafield tag="210" ind1=" " ind2=" ">
    <subfield code="d">1956</subfield>
    <subfield code="a">&#x411;. &#x43C;.</subfield>
  </datafield>
  <datafield tag="215" ind1=" " ind2=" ">
    <subfield code="a">312 &#x441;., 11 &#x43B;. &#x441;&#x445;&#x435;&#x43C;.</subfield>
    <subfield code="c">&#x438;&#x43B;.</subfield>
    <subfield code="d">27</subfield>
  </datafield>
  <datafield tag="320" ind1=" " ind2=" ">
    <subfield code="a">&#x411;&#x438;&#x431;&#x43B;&#x438;&#x43E;&#x433;&#x440;.: &#x441;. 235-238 (96 &#x43D;&#x430;&#x437;&#x432;.)</subfield>
  </datafield>
  <datafield tag="461" ind1=" " ind2="0">
    <subfield code="1">001rc\4076531</subfield>
    <subfield code="1">2001#$a&#x41B;&#x438;&#x442;&#x43E;&#x43B;&#x43E;&#x433;&#x438;&#x44F; &#x43A;&#x430;&#x439;&#x43D;&#x43E;&#x437;&#x43E;&#x439;&#x441;&#x43A;&#x438;&#x445; &#x43C;&#x43E;&#x43B;&#x430;&#x441;&#x441; &#x421;&#x440;&#x435;&#x434;&#x43D;&#x435;&#x439; &#x410;&#x437;&#x438;&#x438;$e[&#x427;. 1]-$f&#x410;&#x43A;&#x430;&#x434;. &#x43D;&#x430;&#x443;&#x43A; &#x423;&#x437;&#x431;. &#x421;&#x421;&#x420;. &#x418;&#x43D;-&#x442; &#x433;&#x435;&#x43E;&#x43B;&#x43E;&#x433;&#x438;&#x438;$v&#x427;. 2</subfield>
    <subfield code="1">700#1$a&#x41F;&#x43E;&#x43F;&#x43E;&#x432;$b&#x412;.&#x418;.$f1907-$g&#x412;&#x43B;&#x430;&#x434;&#x438;&#x43C;&#x438;&#x440; &#x418;&#x432;&#x430;&#x43D;&#x43E;&#x432;&#x438;&#x447;</subfield>
    <subfield code="9">9376572</subfield>
    <subfield code="a">&#x41F;&#x43E;&#x43F;&#x43E;&#x432;, &#x412;. &#x418;. (&#x434;-&#x440; &#x433;&#x435;&#x43E;&#x43B;.-&#x43C;&#x438;&#x43D;&#x435;&#x440;&#x430;&#x43B;. &#x43D;&#x430;&#x443;&#x43A; ; 1907-1991)</subfield>
    <subfield code="c">&#x422;&#x430;&#x448;&#x43A;&#x435;&#x43D;&#x442;</subfield>
    <subfield code="d">1954</subfield>
    <subfield code="f">&#x410;&#x43A;&#x430;&#x434;. &#x43D;&#x430;&#x443;&#x43A; &#x423;&#x437;&#x431;. &#x421;&#x421;&#x420;. &#x418;&#x43D;-&#x442; &#x433;&#x435;&#x43E;&#x43B;&#x43E;&#x433;&#x438;&#x438;</subfield>
    <subfield code="n">&#x418;&#x437;&#x434;-&#x432;&#x43E; &#x410;&#x43A;&#x430;&#x434;. &#x43D;&#x430;&#x443;&#x43A; &#x423;&#x437;&#x421;&#x421;&#x420;</subfield>
    <subfield code="o">[&#x427;. 1]-</subfield>
    <subfield code="t">&#x41B;&#x438;&#x442;&#x43E;&#x43B;&#x43E;&#x433;&#x438;&#x44F; &#x43A;&#x430;&#x439;&#x43D;&#x43E;&#x437;&#x43E;&#x439;&#x441;&#x43A;&#x438;&#x445; &#x43C;&#x43E;&#x43B;&#x430;&#x441;&#x441; &#x421;&#x440;&#x435;&#x434;&#x43D;&#x435;&#x439; &#x410;&#x437;&#x438;&#x438;</subfield>
    <subfield code="v">&#x427;. 2</subfield>
  </datafield>
  <datafield tag="702" ind1=" " ind2="1">
    <subfield code="a">&#x412;&#x430;&#x441;&#x441;&#x43E;&#x435;&#x432;&#x438;&#x447;</subfield>
    <subfield code="b">&#x41D;.&#x411;.</subfield>
    <subfield code="4">570</subfield>
  </datafield>
  <datafield tag="702" ind1=" " ind2="1">
    <subfield code="a">&#x411;&#x430;&#x431;&#x43A;&#x43E;&#x432;</subfield>
    <subfield code="b">&#x41A;.&#x412;.</subfield>
    <subfield code="4">570</subfield>
  </datafield>
  <datafield tag="801" ind1=" " ind2="0">
    <subfield code="a">RU</subfield>
    <subfield code="b">NLR</subfield>
    <subfield code="g">psbo</subfield>
  </datafield>
  <datafield tag="801" ind1=" " ind2="1">
    <subfield code="a">RU</subfield>
    <subfield code="b">ELAR</subfield>
    <subfield code="2">rusmarc</subfield>
  </datafield>
  <datafield tag="852" ind1=" " ind2=" ">
    <subfield code="a">NLR</subfield>
    <subfield code="j">&#x413;&#x43D;02 &#x413;-7/187</subfield>
  </datafield>
  <datafield tag="942" ind1=" " ind2=" ">
    <subfield code="c">BOOK</subfield>
  </datafield>
  <datafield tag="980" ind1=" " ind2=" ">
    <subfield code="a">NB</subfield>
  </datafield>
  <datafield tag="995" ind1=" " ind2=" ">
    <subfield code="5">2013-10-26</subfield>
    <subfield code="b">NLR02</subfield>
    <subfield code="c">NLR02</subfield>
    <subfield code="e">RFS</subfield>
    <subfield code="f">8123188-10</subfield>
    <subfield code="k">&#x413;&#x43D;02 &#x413;-7/187</subfield>
    <subfield code="o">0</subfield>
    <subfield code="r">BOOK</subfield>
    <subfield code="s">02_7187</subfield>
  </datafield>
</record>
